Sigmund Freud on religion and morality: a challenge to christianity
| Auteur principal: | |
|---|---|
| Type de support: | Imprimé Livre |
| Langue: | Anglais |
| Service de livraison Subito: | Commander maintenant. |
| Vérifier la disponibilité: | HBZ Gateway |
| WorldCat: | WorldCat |
| Interlibrary Loan: | Interlibrary Loan for the Fachinformationsdienste (Specialized Information Services in Germany) |
| Publié: |
Innsbruck
Resch Verl.
1977
|
| Dans: |
Personation and psychotherapy (3)
Année: 1977 |
| Collection/Revue: | Personation and psychotherapy
3 |
| Sujets / Chaînes de mots-clés standardisés: | B
Freud, Sigmund 1856-1939
/ Éthique
B Freud, Sigmund 1856-1939 / Religion |
MARC
| LEADER | 00000cam a22000002c 4500 | ||
|---|---|---|---|
| 001 | 1104680955 | ||
| 003 | DE-627 | ||
| 005 | 20251224221203.0 | ||
| 007 | tu | ||
| 008 | 930813s1977 xx ||||| 00| ||eng c | ||
| 035 | |a (DE-627)1104680955 | ||
| 035 | |a (DE-576)034680950 | ||
| 035 | |a (DE-599)BSZ034680950 | ||
| 035 | |a (OCoLC)03189945 | ||
| 035 | |a (DE-604)8121782409 | ||
| 040 | |a DE-627 |b ger |c DE-627 |e rakwb | ||
| 041 | |a eng | ||
| 082 | 0 | |a 200/.1 | |
| 084 | |a 0 |2 ssgn | ||
| 100 | 1 | |8 1\p |0 (DE-588)1043914951 |0 (DE-627)771047231 |0 (DE-576)396023096 |4 aut |a Kottayarikil, Cyriac |d 1941- | |
| 109 | |a Kottayarikil, Cyriac 1941- | ||
| 245 | 1 | 0 | |a Sigmund Freud on religion and morality |b a challenge to christianity |c Cyriac Kottayarikil |
| 264 | 1 | |a Innsbruck |b Resch Verl. |c 1977 | |
| 300 | |a XX, 399 S. | ||
| 336 | |a Text |b txt |2 rdacontent | ||
| 337 | |a ohne Hilfsmittel zu benutzen |b n |2 rdamedia | ||
| 338 | |a Band |b nc |2 rdacarrier | ||
| 490 | 1 | |a Personation and psychotherapy |v 3 | |
| 583 | 1 | |a Archivierung prüfen |c 20200919 |f DE-640 |z 2 |2 pdager | |
| 583 | 1 | |a Archivierung/Langzeitarchivierung gewährleistet |f SSG |x XA-DE-BW |2 pdager |5 DE-21 | |
| 601 | |a Challenger | ||
| 689 | 0 | 0 | |d p |0 (DE-588)118535315 |0 (DE-627)133368998 |0 (DE-576)208924418 |2 gnd |a Freud, Sigmund |d 1856-1939 |
| 689 | 0 | 1 | |d s |0 (DE-588)4015602-3 |0 (DE-627)106335987 |0 (DE-576)208912614 |2 gnd |a Ethik |
| 689 | 0 | |5 (DE-627) | |
| 689 | 1 | 0 | |d p |0 (DE-588)118535315 |0 (DE-627)133368998 |0 (DE-576)208924418 |2 gnd |a Freud, Sigmund |d 1856-1939 |
| 689 | 1 | 1 | |d s |0 (DE-588)4049396-9 |0 (DE-627)106187155 |0 (DE-576)209081880 |2 gnd |a Religion |
| 689 | 1 | |5 (DE-627) | |
| 830 | 0 | |a Personation and psychotherapy |v 3 |9 3 |w (DE-627)1104680858 |w (DE-576)034680853 |7 am | |
| 883 | |8 1\p |a cgwrk |d 20241001 |q DE-101 |u https://d-nb.info/provenance/plan#cgwrk | ||
| 935 | |a mteo | ||
| 951 | |a BO | ||
| ELC | |b 1 | ||
| ITA | |a 1 |t 1 | ||
| LOK | |0 000 xxxxxcx a22 zn 4500 | ||
| LOK | |0 001 2212471114 | ||
| LOK | |0 003 DE-627 | ||
| LOK | |0 004 1104680955 | ||
| LOK | |0 005 20091006174735 | ||
| LOK | |0 008 971122||||||||||||||||ger||||||| | ||
| LOK | |0 040 |a DE-21 |c DE-627 |d DE-21 | ||
| LOK | |0 852 |a DE-21 | ||
| LOK | |0 852 1 |c 18 A 12600 |9 00 | ||
| LOK | |0 935 |a kram |a konv |a theo |a sepp | ||
| LOK | |0 939 |a 22-11-97 |b l01 | ||
| ORI | |a SA-MARC-ixtheoa001.raw | ||
| REF | |a Religiöse Ethik | ||
| REL | |a 1 | ||
| STA | 0 | 0 | |a Ethics,Ethics,Moral philosophy,Philosophical Ethics,Ethics,Religion,Religions,Religion,Religion in literature |
| STB | 0 | 0 | |a Religion,Religions,Religion,Éthique,Éthique,Morale,Morale,Morale |
| STC | 0 | 0 | |a Religión,Religión,Religión,Ética,Ética,Ética moderna |
| STD | 0 | 0 | |a Etica,Etica,Religione,Religione,Religione |
| STE | 0 | 0 | |a 伦理学,道德哲学,道德学,宗教,宗教 |
| STF | 0 | 0 | |a 倫理學,道德哲學,道德學,宗教,宗教 |
| STG | 0 | 0 | |a Religião,Religião,Ética,Ética |
| STH | 0 | 0 | |a Религия (мотив),Религия,Этика (мотив),Этика |
| STI | 0 | 0 | |a Ηθική (μοτίβο),Ηθική,Θρησκεία (μοτίβο),Θρησκεία |
| SUB | |a REL | ||
| SYG | 0 | 0 | |a Freud, Siegmund,1856-1939,Freud, Sigismund Schlomo,1856-1939,Freud, Sigm.,1856-1939,Freud, Sig.,1856-1939,Freud, S.,1856-1939,Freud, Zikmund,1856-1939,Freud, Zygmunt,1856-1939,Freud, Zygm.,1856-1939,Freud,1856-1939,Freund, Sigmund,1856-1939,Freund, Sigm.,1856-1939,Freund, S.,1856-1939,Frejd, Sigmund,1856-1939,Frejd, Zigmund,1856-1939,Frejd, Z.,1856-1939,Freids, Zigmunds,1856-1939,Froid, Sigmund,1856-1939,Froid, Zigmond,1856-1939,Froidas, Zigmundas,1856-1939,Frojd, Sigmund,1856-1939,Frojd, Zigmund,1856-1939,Frojd, Zygmund,1856-1939,Frôyd, Zîgmûnd,1856-1939,Frūīd, Sīğmund,1856-1939,Frūīd, Zīgmūnd,1856-1939,Frūjd, Sīğmūnd,1856-1939,Frūīd, Zīgmūnd,1856-1939,Frūyd, Zīgmūnd,1856-1939,Furoido, Jigumundo,1856-1939,Furoido,1856-1939,Furoito, Jīkumunto,1856-1939,Furoito, S.,1856-1939,Furoito,1856-1939,Fuluoyide, Xigemengde,1856-1939,Fuluoyide,1856-1939,Fu luo yi de,1856-1939,Ji geu mun teu Peu lo i teu,1856-1939,Jigeumunteu-Peuloiteu,1856-1939,Peuloiteu, Jigeumunteu,1856-1939,Peu lo i teu,1856-1939,Phraẏeḍa, Sigamuṇḍa,1856-1939,Phrōyḍ, Sigmaṇd,1856-1939,Phroynt, Sinkmunt,1856-1939,P'roidi, Zigmund,1856-1939,P'ŭroit'ŭ, S.,1856-1939,P'ŭroit'ŭ, Chigŭmunt'ŭ,1856-1939,Freyd, Ziqmund,1856-1939,Xi ge meng de Fu luo yi de,1856-1939,Xigemengde-Fuluoyide,1856-1939 , Ethics,Moral,Morality,Moralphilosophie,Tugend,Wertethik,Ethische Theorie,Moral,Philosophische Ethik,Sittenlehre,Moralphilosophie , Freud, Siegmund,1856-1939,Freud, Sigismund Schlomo,1856-1939,Freud, Sigm.,1856-1939,Freud, Sig.,1856-1939,Freud, S.,1856-1939,Freud, Zikmund,1856-1939,Freud, Zygmunt,1856-1939,Freud, Zygm.,1856-1939,Freud,1856-1939,Freund, Sigmund,1856-1939,Freund, Sigm.,1856-1939,Freund, S.,1856-1939,Frejd, Sigmund,1856-1939,Frejd, Zigmund,1856-1939,Frejd, Z.,1856-1939,Freids, Zigmunds,1856-1939,Froid, Sigmund,1856-1939,Froid, Zigmond,1856-1939,Froidas, Zigmundas,1856-1939,Frojd, Sigmund,1856-1939,Frojd, Zigmund,1856-1939,Frojd, Zygmund,1856-1939,Frôyd, Zîgmûnd,1856-1939,Frūīd, Sīğmund,1856-1939,Frūīd, Zīgmūnd,1856-1939,Frūjd, Sīğmūnd,1856-1939,Frūīd, Zīgmūnd,1856-1939,Frūyd, Zīgmūnd,1856-1939,Furoido, Jigumundo,1856-1939,Furoido,1856-1939,Furoito, Jīkumunto,1856-1939,Furoito, S.,1856-1939,Furoito,1856-1939,Fuluoyide, Xigemengde,1856-1939,Fuluoyide,1856-1939,Fu luo yi de,1856-1939,Ji geu mun teu Peu lo i teu,1856-1939,Jigeumunteu-Peuloiteu,1856-1939,Peuloiteu, Jigeumunteu,1856-1939,Peu lo i teu,1856-1939,Phraẏeḍa, Sigamuṇḍa,1856-1939,Phrōyḍ, Sigmaṇd,1856-1939,Phroynt, Sinkmunt,1856-1939,P'roidi, Zigmund,1856-1939,P'ŭroit'ŭ, S.,1856-1939,P'ŭroit'ŭ, Chigŭmunt'ŭ,1856-1939,Freyd, Ziqmund,1856-1939,Xi ge meng de Fu luo yi de,1856-1939,Xigemengde-Fuluoyide,1856-1939 , Religion,Mystik,Mythologie |



